<Die> vier Erfolgsfaktoren des Unternehmens Adaption, Funktion, Kommunikation, Motivation
Gespeichert in:
| 1. Verfasser: | |
|---|---|
| Format: | Buch |
| Sprache: | Deutsch |
| Veröffentlicht: |
Wiesbaden
Gabler
1988
|
| Ausgabe: | 1. Aufl. |
| Schlagworte: | |
| Tags: |
Keine Tags, Fügen Sie das erste Tag hinzu!
|
MARC
| LEADER | 00000nam a2200000 4500 | ||
|---|---|---|---|
| 001 | c000118 | ||
| 005 | 20221219111756.2 | ||
| 020 | |a 3-409-13203-1 | ||
| 041 | 0 | |a ger | |
| 044 | |a DE | ||
| 245 | 1 | 0 | |a <Die> vier Erfolgsfaktoren des Unternehmens |b Adaption, Funktion, Kommunikation, Motivation |c Jörn F. Voigt |
| 250 | |a 1. Aufl. | ||
| 264 | 1 | |a Wiesbaden |b Gabler |c 1988 | |
| 300 | |a 202 s. | ||
| 610 | 2 | 0 | |a podnik |
| 610 | 2 | 0 | |a adaptácia |
| 610 | 2 | 0 | |a motivácia |
| 610 | 2 | 0 | |a funkcie podniku |
| 610 | 2 | 0 | |a komunikácia |
| 610 | 2 | 0 | |a banka-podnik |
| 610 | 2 | 0 | |a systémy informačné |
| 610 | 2 | 0 | |a manažment |
| 610 | 2 | 0 | |a synergetika |
| 610 | 2 | 0 | |a riadenie podnikové |
| 610 | 2 | 0 | |a marketing |
| 610 | 2 | 0 | |a kontroling |
| 100 | 1 | |a Voigt, Jörn F. | |